Česká mše vánoční Jakuba Jana Ryby

Hlavní autor: Ryba, Jakub Jan, 1765-1815
Další autoři: Lada, Josef, 1887-1957, Potoček, Milan, 1959-
Jazyk: Čeština
Vydáno: Praha : Česká televize, 2013
Vydání: Vyd. 1.
Edice: Edice České televize
Témata:
Fyzický popis: 1 partitura (101 s.) : il. ; 27 cm
Hudebniny Hudebniny
Uloženo v:
LEADER 02209ncm a2200565 a 4500
001 nkc20132507570
003 CZ PrNK
005 20180108132651.0
007 qu
008 131016s2013 xr msz g nn c cze
015 |a cnb002507570 
020 |a 978-80-7404-121-1  |q (váz.) 
040 |a OLA001  |b cze  |d ABA001 
043 |a e-xr--- 
045 |a v-v- 
048 |a vu02 
072 7 |a 783  |x Církevní hudba. Duchovní hudba. Náboženská hudba  |2 Konspekt  |9 9 
080 |a 783.23.088  |2 MRF 
080 |a 783.23  |2 MRF 
080 |a 78.088  |2 MRF 
080 |a 78.089.6  |2 MRF 
100 1 |a Ryba, Jakub Jan,  |d 1765-1815  |7 jk01103232  |4 cmp  |4 lbt 
240 1 0 |a Hej mistře;  |o aranžmá  |7 aun2014810546 
245 1 0 |a Česká mše vánoční Jakuba Jana Ryby  |h [hudebnina] /  |c s obrázky Josefa Lady ; [hudební úprava a sazba notového zápisu Milan Potoček] 
246 3 |a Česká mše vánoční 
250 |a Vyd. 1. 
260 |a Praha :  |b Česká televize,  |c 2013 
300 |a 1 partitura (101 s.) :  |b il. ;  |c 27 cm 
382 0 1 |a zpěv  |n 2  |v akordické značky  |s 2 
490 1 |a Edice ČT 
500 |a Úprava pro dvojhlas, místy tříhlas, doprovod naznačený melodickou linkou a kytarovými značkami 
648 7 |a 18. století  |7 ch460556  |2 czenas 
650 0 7 |a vánoční mše, úpravy  |7 ph315293  |z Česko  |y 18. století  |2 czenas 
650 0 9 |a Christmas mass, arrangement  |z Czechia  |y 18th century  |2 eczenas 
655 7 |a vánoční mše  |7 fd1024849  |2 czenas 
655 7 |a aranžmá (hudba)  |7 fd980034  |2 czenas 
655 7 |a partitury  |7 fd185981  |2 czenas 
655 9 |a Christmas mass  |2 eczenas 
655 9 |a arrangement (music)  |2 eczenas 
655 9 |a scores  |2 eczenas 
700 1 |a Lada, Josef,  |d 1887-1957  |7 jk01071364  |4 ill 
700 1 |a Potoček, Milan,  |d 1959-  |7 pag2014814403  |4 arr 
830 0 |a Edice České televize  |0 s 
910 2 |a BOA001  |b Mus3-1320.686 
990 |a MU 
995 |a 01 
991 |b 201404  |c NOV 
925 |a zpěv (2), [akordické značky]  |b V (2) 
996 6 |b 2610586482  |c Mus3-1320.686  |l MZK  |r Sklad / do 1 hodiny  |n 1  |p p.v.  |w 001391627  |u 000010  |a 1  |e BOA001  |j MZK50  |s P 
996 7 |b 2610586483  |c Mus3-1320.686  |l MZK  |r Sklad / do 1 hodiny  |n 3  |p p.v.  |w 001391627  |u 000020  |a 1  |e BOA001  |j MZK50  |s A